书目信息 |
| 题名: |
性格正能量
|
|
| 作者: | 肖建文 著 | |
| 分册: | ||
| 出版信息: | 北京 外文出版社 2014.03 |
|
| 页数: | 10,264页 | |
| 开本: | 24cm | |
| 丛书名: | 正能量三部曲 | |
| 单 册: | ||
| 中图分类: | B848.6 | |
| 科图分类: | ||
| 主题词: | 性格--通俗读物 , 性格 | |
| 电子资源: | ||
| ISBN: | 978-7-119-08467-1 | |
| 000 | 01042oam2 2200289 450 | |
| 001 | 0120141218640 | |
| 005 | 20140611145807.50 | |
| 010 | @a978-7-119-08467-1@dCNY35.00 | |
| 100 | @a20140122d2014 em y0chiy0110 ea | |
| 101 | 0 | @achi |
| 102 | @aCN@b110000 | |
| 105 | @ay z 000yy | |
| 106 | @ar | |
| 200 | 1 | @a性格正能量@9xing ge zheng neng liang@dPersonality is the positive energy@f肖建文著@zeng |
| 210 | @a北京@c外文出版社@d2014.03 | |
| 215 | @a10,264页@d24cm | |
| 225 | 2 | @a正能量三部曲 |
| 330 | @a本书从积极乐观的性格、理智冷静的性格、目标坚定的性格、处事果断的性格、坚韧顽强的性格、低调务实的性格、宽容忍让的性格、与人交往的性格等高效能人士必备的八种性格进行展开,通过经典事例与精彩点评,向读者展现了性格与人生的密切关系。 | |
| 333 | @a一般读者 | |
| 461 | 0 | @12001 @a正能量三部曲 |
| 510 | 1 | @aPersonality is the positive energy@zeng |
| 606 | 0 | @a性格@j通俗读物 |
| 606 | 0 | @a性格 |
| 690 | @aB848.6@v5 | |
| 701 | 0 | @a肖建文@9xiao jian wen@4著 |
| 801 | 0 | @aCN@b人天书店@c20140122 |
| 905 | @b845686-89@dB848.6@e1220@f4 | |
| 性格正能量=Personality is the positive energy/肖建文著.-北京:外文出版社,2014.03 |
| 10,264页;24cm.-(正能量三部曲) |
| 使用对象:一般读者 |
| ISBN 978-7-119-08467-1:CNY35.00 |
| 本书从积极乐观的性格、理智冷静的性格、目标坚定的性格、处事果断的性格、坚韧顽强的性格、低调务实的性格、宽容忍让的性格、与人交往的性格等高效能人士必备的八种性格进行展开,通过经典事例与精彩点评,向读者展现了性格与人生的密切关系。 |
| ● |
| 相关链接 |
|
|
|
|
正题名:性格正能量
索取号:B848.6/1220
 
预约/预借
| 序号 | 登录号 | 条形码 | 馆藏地/架位号 | 状态 | 备注 |
| 1 | 845686 | 208456865 | 第一样本阅览室/ [索取号:B848.6/1220] | 在馆 | |
| 2 | 845687 | 208456874 | 第一借阅区/ [索取号:B848.6/1220] | 在馆 | |
| 3 | 845688 | 208456883 | 第一借阅区/ [索取号:B848.6/1220] | 在馆 | |
| 4 | 845689 | 208456892 | 第一借阅区/ [索取号:B848.6/1220] | 在馆 |